Państwa na K - nagła śmierć - Statystyki

Ogólne statystyki
  • Ten quiz został rozwiązany 46 razy
  • Średni wynik to 9 z 15
Answers on the Grid
Answers color-coded by a green-red scale on the quiz's grid according to % correct below.
🇰🇼
🇸🇬
🇺🇾
🇨🇴
🇪🇨
🇲🇼
🇰🇪
🇺🇬
🇨🇷
🇧🇷
🇰🇬
🇰🇿
🇵🇰
🇰🇵
🇷🇺
🇦🇬
🇰🇮
🇲🇱
🇿🇼
🇰🇷
🇰🇲
🇲🇷
🇨🇦
🇴🇲
🇨🇬
🇨🇲
🇸🇳
🇨🇺
🇳🇱
🇽🇰
 
Statystyki odpowiedzi
Odpowiedź % Poprawnych
🇰🇷
74%
🇰🇪
72%
🇰🇿
69%
🇰🇵
69%
🇰🇮
69%
🇨🇦
69%
🇰🇼
67%
🇨🇴
64%
🇨🇺
64%
🇽🇰
64%
🇰🇬
56%
🇨🇷
51%
🇰🇲
49%
🇨🇲
49%
🇨🇬
44%
Nie znaleziono quizów pasujących do podanych kryteriów
Rozkład punktacji
Procent ludzi z każdym wynikiem
Percentyl według liczby udzielonych odpowiedzi
Twoja historia wyników
Nie rozwiązałeś tego quizu